000 00416 a2200109 4500
005 20260325131152.0
100 _a Morvanchikar R. S
_9217284
245 _aआधुनिक महाराष्ट्राची जडणघडण शिल्पकार चरित्रकोश खंड १ : इतिहास
250 _a1st
260 _bSaptahik Vivek Hindusthan Prakashan Samstha
_c2009
942 _cAR
999 _c370774
_d370774